A diary from the croatian diaspora: the suffering of the croatian people in the 20th century as seen through the prism of one croatian family
Uloženo v:
| Hlavní autor: | |
|---|---|
| Médium: | Kniha |
| Jazyk: | angličtina |
| Vydáno: |
Zagreb
Croatian Heritage Foundation
2018
|
| Vydání: | 1a. ed |
| Témata: | |
| Tagy: |
Přidat tag
Žádné tagy, Buďte první, kdo vytvoří štítek k tomuto záznamu!
|
MARC
| LEADER | 00000cam a2200000 a 4500 | ||
|---|---|---|---|
| 001 | UCC5680 | ||
| 003 | CL-VaPUC | ||
| 008 | 181021e20180000ci |||||||||||||||||eng|d | ||
| 020 | |a 9789536525904 | ||
| 082 | 0 | 4 | |a 305.8 |b BOR |2 21 |
| 100 | 0 | |a Boras Podravac, Vanda |e author |9 600023 | |
| 245 | 1 | 2 | |a A diary from the croatian diaspora: the suffering of the croatian people in the 20th century as seen through the prism of one croatian family |
| 250 | |a 1a. ed | ||
| 300 | |a 178 p | ||
| 942 | |c BK | ||
| 945 | |d 20181021 19:29:00 |a dcastane | ||
| 260 | |a Zagreb |b Croatian Heritage Foundation |c 2018 | ||
| 650 | 0 | |a Exilio |9 343229 | |
| 650 | 7 | |a EXILIADOS |2 CL-VaPUC |9 313832 | |
| 650 | 0 | |a Guerra civil |9 320243 | |
| 583 | |a last modification |c 20181021 19:29:00 |k Rodrigo Vera | ||
| 999 | |c 372821 |d 372819 | ||
| 952 | |0 0 |1 0 |3 erb |4 0 |6 305_800000000000000_BOR_2018 |7 0 |8 A |9 490675 |a BIBHIS |b BIBHIS |i 550967K |o 305.8 BOR 2018 |p 550967K |r 2025-01-20 |w 2019-11-24 |y BK |z Catalogado en:20181021 |k HIS | ||